000 00665nam a2200229Ia 4500
003 OSt
005 20220926025943.0
006 a|||||r|||| 00| 0
007 ta
008 220923b |||||||| |||| 00| 0 eng d
037 _cGeneral Book
040 _aRTL
_cRTL
_beng
041 _2eng
_aeng
082 _aX.596.N5, J6
110 _aOrganisation for European Economic Co-operation
245 0 _aEconomic conditions in Belgium, Luxembourg and the
260 _aParis
_bOEEC
_c1956
300 _a25p
_ccm.
700 _aOrganisation for European Economic Co-operation
942 _hX.596.N5, J6
_cGB
_2CC
999 _c648269
_d648269